Computers Today : title changed to Smart inc : ceased publication (Aug. 2002 - Dec. 2003). (Record no. 202253)
[ view plain ]
| 000 -LEADER | |
|---|---|
| fixed length control field | 01088nam a2200133Ia 4500 |
| 008 - FIXED-LENGTH DATA ELEMENTS--GENERAL INFORMATION | |
| fixed length control field | 231221s9999 xx 000 0 und d |
| 041 ## - LANGUAGE CODE | |
| Language code of text/sound track or separate title | English |
| 245 #0 - TITLE STATEMENT | |
| Title | Computers Today : title changed to Smart inc : ceased publication (Aug. 2002 - Dec. 2003). |
| 260 ## - PUBLICATION, DISTRIBUTION, ETC. | |
| Date of publication, distribution, etc. | Nov, 2001 |
| 440 ## - SERIES STATEMENT/ADDED ENTRY--TITLE | |
| Title | I |
| 510 ## - CITATION/REFERENCES NOTE | |
| Name of source | This CD-Rom will; give you an overview of e-commerce today define elements of e-commerce like EDI and EFT provide you a framework for an e-commerce application describe electronic payment- credit card, smart cards, electronic clearing etc. with examples address security issues and technologies available for companies wishing to engage in e-commerce explain where you can apply e-commerce and describe its costs and benefits. Runs on windows, requires 486 and above,32 MB RAM, soundcard preferred. |
| 650 ## - SUBJECT ADDED ENTRY--TOPICAL TERM | |
| Topical term or geographic name entry element | This CD-Rom will; give you an overview of e-commerce today define elements of e-commerce like EDI and EFT provide you a framework for an e-commerce application describe electronic payment- credit card, smart cards, electronic clearing etc. with example |
| 942 ## - ADDED ENTRY ELEMENTS (KOHA) | |
| Koha item type | Compact Disks |
| Date last seen | Total checkouts | Accession number | Volume/Issue Number | Price effective from | Category | Lost status | Damaged status | Department | Withdrawn status | Home library | Current library | Entry date | Billdate | Currency symbol | Conversion rate | Discount | Old discount |
|---|---|---|---|---|---|---|---|---|---|---|---|---|---|---|---|---|---|
| 26/01/2024 | CD482 | 17(236) | 26/01/2024 | Compact Disks | Central Library | Central Library | Central Library | 05/08/2009 | RS | 1 |
